Coniugazione dei verbi del secondo gruppo - Credere - Statistics

Statistiche generali
  • Questo quiz è stato fatto 16 volte
  • Il punteggio medio è 40 su 47
Statistiche sulle risposte
Tempo Coniugazione % Corretto
Lui o Lei Crede
100%
Voi Credete
100%
Tu Credi
100%
Noi Crediamo
100%
Io Credo
100%
Loro Credono
100%
che io o tu o lui o lei. Creda
93%
che loro Credano
93%
Presente Credendo
93%
Lui o Lei Crederà
93%
Noi Crederemo
93%
Voi Crederete
93%
Io Crederò
93%
Lui o Lei Credeva
93%
Noi Credevamo
93%
Loro Credevano
93%
Voi Credevate
93%
Tu Credevi
93%
Io Credevo
93%
che noi Crediamo
93%
che voi Crediate
93%
(lui o lei) Creda
87%
(loro) Credano
87%
Tu Crederai
87%
Loro Crederanno
87%
(tu) Credi
87%
(noi) Crediamo
87%
Passato Creduto
87%
Noi Credemmo
80%
Presente Credente
80%
Voi Credeste
80%
che voi Credeste
80%
(voi) Credete
80%
Lui o Lei Credette
80%
Io Credetti
80%
Lui o Lei Crederebbe
73%
Loro Crederebbero
73%
Io Crederei
73%
Noi Crederemmo
73%
Voi Credereste
73%
Tu Crederesti
73%
che lui o lei Credesse
73%
che loro Credessero
73%
che io o tu Credessi
73%
che noi Credessimo
73%
Tu Credesti
73%
Loro Credettero
73%
Nessun quiz corrispondente trovato
Distribuzione punteggi
Percentuale di utenti per punteggio
Percentile per numero di risposta
I tuoi punteggi nel tempo
Non hai fatto questo quiz